| 000 | 00000nas##2200000za#4500 |
| 001 | 9.512640 |
| 003 | CaOODSP |
| 005 | 20210507160751 |
| 007 | ta |
| 008 | 150406c1989||||xxc|| p #||||f| |0fre|d |
| 022 | |a0847-0308 |
| 040 | |aCaOODSP|bfre |
| 043 | |an-cn--- |
| 086 | 1 |aCW71-1F |
| 110 | 2 |aService canadien de la faune. |
| 245 | 10|aSauvegarde : |bbulletin sur les espèces en péril |
| 260 | |aOttawa - Ontario : |bEnvironnement Canada. |c[1989]-. |
| 310 | |aIrrégulier |
| 362 | 1 |a[Vol. 1, n° 1]- |
| 500 | |aDonnées de catalogage avant publication (Canada) imprimées dans ces publications. |
| 563 | |aCouverture souple |
| 775 | 08|tRecovery : |w(CaOODSP)9.514212 |
| 776 | 0#|tSauvegarde : |w(CaOODSP)9.502794 |